000 02364nam a22002537a 4500
999 _c63305
_d63305
003 Ge_BSU
005 20250801114555.0
008 250731s2025 ge ||||| |||| 00| 0 geo d
020 _a9789941995521
041 _ageo
080 _a005.511 კ-44
245 _aკვლევის მენეჯმენტი: ევროპა და მის ფარგლებს გარეთ /
_cიან ანდერსენი, კრისტეი ტუმი, სუსი პოლი, პამელა ფ. მილერი ; მთარგმნელი მაია ბოლქვაძე ; მთ. რედაქტორი ბადრი გეჩბაია ; რედაქტორები: ნათია წიკლაშვილი, პაატა აროშიძე, გიორგი ქათამაძე, ქეთევან გოლეთიანი
264 _aბათუმი :
_bბათუმის შოთა რუსთაველის სახელმწიფო უნივერსიტეტი,
_c2025.
300 _a584 გვ. ;
_b 21 სმ.
501 _aსაძიებლები: გვ. 564-583.
504 _aბიბლიოგრაფია: გვ. 553-563.
546 _aთავფურცლის მე-3 გვერდი ინგლისურ ენაზე.
653 _aკვლევის მენეჯმენტი: ევროპა და მის ფარგლებს გარეთ
653 _aმენეჯმენტი
700 _aანდერსენი, იან,
_eდა სხვ.
_925719
710 _aწიგნი ითარგმნა აჭარის ა.რ. განათლების, კულტურისა და სპორტის სამინისტროს "უმაღლესი განათლების ხელშეწყობა" ქვეპროგრამის "უცხოენოვანი სამეცნიერო/სახელმძღვანელო ლიტერატურის თარგმნა /ბეჭდვა" 2023 წელს გამარჯვებული პროექტის ფარგლებში.
_925720
773 _tნაჩუქარი
942 _2udc
_cᲬᲘᲒᲜᲘ